[Event "European Rapid 2022"]
[Site "Katowice POL"]
[Date "2022.12.18"]
[Round "10.13"]
[White "Deac, Bogdan-Daniel"]
[Black "Subelj, Jan"]
[Result "1-0"]
[WhiteTitle "GM"]
[BlackTitle "IM"]
[WhiteElo "2700"]
[BlackElo "2492"]
[WhiteFideId "1226380"]
[BlackFideId "14618583"]
[EventDate "2022.12.17"]

1. Nf3 d5 2. e3 Nf6 3. c4 c6 4. Nc3 e6 5. b3 Bd6 6. d4 Nbd7 7. Bd3 O-O 8. Bb2 e5
9. cxd5 cxd5 10. dxe5 Nxe5 11. Be2 Nxf3+ 12. Bxf3 Be5 13. O-O Be6 14. Na4 Qd6
15. Bxe5 Qxe5 16. Nc5 Rac8 17. Rc1 b6 18. Nd3 Qf5 19. Qe2 Rxc1 20. Rxc1 Rc8 21.
Rxc8+ Bxc8 22. Qd1 g5 23. h3 h5 24. Nb4 Bb7 25. Qd4 g4 26. hxg4 hxg4 27. Bd1 Ne4
28. Nd3 g3 29. fxg3 Nxg3 30. Nf4 Qe4 31. Kf2 Qxd4 32. exd4 Nf5 33. Ne2 Kg7 34.
g4 Nd6 35. Kf3 f5 36. g5 Kg6 37. Kf4 Nf7 38. Ng3 Nxg5 39. Nxf5 Kf6 40. Nd6 Ne6+
41. Ke3 Ba6 42. Bg4 Nc7 43. a4 Ke7 44. Nf5+ Kf6 45. Ng3 Bb7 46. Kf4 a5 47. Nh5+
Ke7 48. Ke5 b5 49. Nf6 bxa4 50. bxa4 Bc6 51. Bd1 Bb7 52. Bc2 Ba8 53. Bb3 Bc6 54.
Ng8+ Kd7 55. Bd1 Ne8 56. Bc2 Nc7 57. Nf6+ Kc8 58. Kd6 Kb7 59. Bb3 Kb6 60. Nd7+
Kb7 61. Bc2 Ne8+ 62. Ke7 Kc7 63. Nc5 Kb6 64. Bf5 Nc7 65. Bc8 Bxa4 66. Nxa4+ Kb5
67. Kd7 Na8 68. Bb7 Kc4 69. Bxa8 Kxd4 70. Kd6 Kc4 71. Bxd5+ Kb4 72. Bc6 Kc4 73.
Ke5 Kd3 74. Bd5 Ke3 75. Be4 Kf2 76. Kf4 Ke2 77. Bb1 Kd2 78. Kf3 Kc1 79. Bd3 Kd2
80. Ke4 Kc1 81. Ke3 Kd1 82. Nc5 Kc1 83. Nb3+ Kb2 84. Nxa5 Kc3 85. Nc6 Kb2 86.
Kd2 Kb3 87. Bb5 Kb2 88. Bc4 Kb1 89. Kc3 Ka1 90. Nb4 Kb1 91. Nc2 Kc1 92. Ba2 Kd1
93. Nd4 Ke1 94. Kd3 Kf2 95. Ke4 Kg3 96. Kf5 Kh4 97. Bf7 Kg3 98. Ke4 Kg4 99. Nf3
Kg3 100. Ke3 Kg4 101. Bg6 Kg3 102. Bh5 Kg2 103. Nh4+ Kh3 104. Nf5 Kg2 105. Ke2
Kh3 106. Kf2 Kh2 107. Bg4 1-0

[Event "European Rapid 2022"]
[Site "Katowice POL"]
[Date "2022.12.18"]
[Round "10.14"]
[White "Ziska, Helgi Dam"]
[Black "Wieczorek, Oskar"]
[Result "1/2-1/2"]
[WhiteTitle "GM"]
[BlackTitle "GM"]
[WhiteElo "2546"]
[BlackElo "2504"]
[WhiteFideId "7200595"]
[BlackFideId "1133950"]
[EventDate "2022.12.17"]

1. e4 c5 2. Nf3 e6 3. g3 Nc6 4. Bg2 Nf6 5. Qe2 e5 6. O-O Be7 7. c3 O-O 8. d3 d6
9. Na3 Re8 10. Nc4 Bf8 11. a4 h6 12. Nh4 Be6 13. Ne3 d5 14. Qf3 d4 15. Nd5 Bxd5
16. exd5 Na5 17. c4 e4 18. dxe4 Nxe4 19. Qd3 Nd6 20. b3 Qf6 21. Bd2 b6 22. Rae1
g5 23. Nf3 Qf5 24. Qxf5 Nxf5 25. Bh3 Nd6 26. Rb1 f5 27. Bg2 Ne4 28. Rfd1 Bg7 29.
Ne1 Nxd2 30. Rxd2 Nxb3 31. Rc2 Rxe1+ 32. Rxe1 d3 33. Ra2 d2 34. Rd1 Re8 35.
Raxd2 Nxd2 36. Rxd2 Bd4 37. Kf1 Kf7 38. Rd3 Ke7 39. a5 Rb8 40. Rb3 Be5 41. a6
Bd4 42. Bf3 Kd6 43. Bd1 b5 44. Rxb5 Rxb5 45. cxb5 c4 46. Bc2 f4 47. gxf4 gxf4
48. Ke2 Kxd5 49. Bf5 Kc5 50. Bd7 Kb4 51. f3 c3 52. Kd1 Bb6 53. Kc2 Kc4 54. h4
Kd4 55. h5 Ke3 56. Bg4 Bd4 57. b6 Bxb6 1/2-1/2

[Event "European Rapid 2022"]
[Site "Katowice POL"]
[Date "2022.12.18"]
[Round "10.15"]
[White "Larkin, Vladyslav"]
[Black "Mastrovasilis, Dimitrios"]
[Result "0-1"]
[WhiteTitle "IM"]
[BlackTitle "GM"]
[WhiteElo "2452"]
[BlackElo "2605"]
[WhiteFideId "14152894"]
[BlackFideId "4202694"]
[EventDate "2022.12.17"]

1. c4 e6 2. Nf3 d5 3. g3 Nf6 4. Bg2 Be7 5. O-O O-O 6. b3 b6 7. d4 Bb7 8. Nc3
Nbd7 9. Ne5 c6 10. e4 Bb4 11. Bb2 Bxc3 12. Bxc3 Nxe4 13. Bb2 Qe7 14. Re1 Rfd8
15. Qc2 Nxe5 16. dxe5 Rd7 17. a4 h6 18. a5 Rad8 19. h4 Nc5 20. cxd5 exd5 21. Ba3
d4 22. a6 Ba8 23. Bxc5 bxc5 24. Ra5 d3 25. Qxc5 d2 26. Rd1 Qe6 27. Qc4 Qg6 28.
Ra2 Qh5 29. g4 Qxe5 30. Qb4 c5 31. Qa5 Bxg2 32. Kxg2 Qe4+ 0-1

[Event "European Rapid 2022"]
[Site "Katowice POL"]
[Date "2022.12.18"]
[Round "10.16"]
[White "Manik, Mikulas"]
[Black "Tregubov, Pavel V."]
[Result "1/2-1/2"]
[WhiteTitle "GM"]
[BlackTitle "GM"]
[WhiteElo "2359"]
[BlackElo "2553"]
[WhiteFideId "14900734"]
[BlackFideId "4115341"]
[EventDate "2022.12.17"]

1. e4 c5 2. Nf3 e6 3. d4 cxd4 4. Nxd4 Nc6 5. Nc3 Nf6 6. Nxc6 bxc6 7. e5 Nd5 8.
Ne4 Qc7 9. f4 Qb6 10. a3 Rb8 11. Bd3 Ba6 12. Bxa6 Qxa6 13. b3 Qb6 14. Qd3 Be7
15. c4 f5 16. Nf2 Nc7 17. b4 a5 18. Be3 Qb7 19. O-O Na6 20. Rfd1 axb4 21. axb4
Nxb4 22. Qd2 c5 23. Ra5 Qc7 24. Bxc5 Bxc5 25. Rxc5 Qxc5 26. Qxd7+ Kf8 27. Qxe6
Qe7 28. Qxf5+ Qf7 29. Qe4 h5 30. e6 Qf6 31. Rd7 Re8 32. f5 Kg8 33. h4 Kh7 34.
Nh3 Rhf8 35. Ng5+ Kg8 36. Qb7 Rb8 37. Qe4 Na6 38. e7 Rfe8 39. Qd5+ Kh8 40. Rd6
Qxe7 41. Nf7+ Kh7 42. Ng5+ Kh8 43. Nf7+ Kh7 44. Ng5+ 1/2-1/2

[Event "European Rapid 2022"]
[Site "Katowice POL"]
[Date "2022.12.18"]
[Round "10.17"]
[White "Blohberger, Felix"]
[Black "Bartel, Mateusz"]
[Result "0-1"]
[WhiteTitle "GM"]
[BlackTitle "GM"]
[WhiteElo "2490"]
[BlackElo "2627"]
[WhiteFideId "1632051"]
[BlackFideId "1112635"]
[EventDate "2022.12.17"]

1. d4 e6 2. e4 d5 3. Nc3 Nf6 4. e5 Nfd7 5. Nce2 c5 6. c3 Nc6 7. Nf3 a5 8. h4 a4
9. a3 Qa5 10. Bd2 Qb6 11. Rb1 f6 12. Nf4 cxd4 13. Nxe6 Ndxe5 14. Nfxd4 Nxd4 15.
Nxd4 Bc5 16. Be3 Bg4 17. f3 Bd7 18. Be2 O-O 19. O-O Rfe8 20. Bf2 Qd6 21. Nb5
Bxb5 22. Bxb5 Red8 23. Bxa4 Rxa4 24. Qxa4 Nxf3+ 25. gxf3 Qg3+ 26. Kh1 Qxf3+ 27.
Kg1 Qg3+ 28. Kh1 Qh3+ 29. Kg1 Bd6 0-1

[Event "European Rapid 2022"]
[Site "Katowice POL"]
[Date "2022.12.18"]
[Round "10.18"]
[White "Moroni, Luca Jr"]
[Black "Szpar, Milosz"]
[Result "1/2-1/2"]
[WhiteTitle "GM"]
[BlackTitle "IM"]
[WhiteElo "2576"]
[BlackElo "2428"]
[WhiteFideId "865834"]
[BlackFideId "1184989"]
[EventDate "2022.12.17"]

1. d4 Nf6 2. Nf3 c5 3. c4 cxd4 4. Nxd4 b6 5. f3 Bb7 6. e4 d6 7. Nc3 Nbd7 8. Be3
g6 9. Qd2 Rc8 10. Rc1 Bg7 11. Be2 O-O 12. O-O a6 13. Rfd1 Re8 14. Bf1 e6 15. b4
Qe7 16. Nb3 d5 17. cxd5 exd5 18. Nxd5 Nxd5 19. Rxc8 Rxc8 20. exd5 Bc3 21. Qf2
Qxb4 22. g3 Ne5 23. Be2 Nd7 24. Bf1 Ne5 25. Be2 Nd7 26. f4 Re8 27. Bf3 Bg7 28.
d6 Bxf3 29. Qxf3 Qc3 30. Kf2 h5 31. h3 a5 32. Nd4 Nf6 33. Ne2 Qc2 34. Rd4 Ne4+
35. Rxe4 Rxe4 36. d7 Bf6 37. Bxb6 Re6 38. d8=Q+ Bxd8 39. Bxd8 Qxa2 40. Bc7 Re8
41. Be5 Qe6 42. g4 hxg4 43. hxg4 f6 44. Bc3 Qb6+ 45. Nd4 Qc5 46. Qd3 Kh7 47. Kf1
Qd5 48. Qh3+ Kg8 49. f5 Qc4+ 50. Kf2 Qa2+ 51. Kf1 Qc4+ 52. Kg1 Qf7 53. Qh6 Qg7
54. Qxg6 Qxg6 55. fxg6 Re4 56. Nf5 Rxg4+ 57. Kh2 Rg5 58. Nh4 Kg7 59. Kh3 a4 60.
Bb2 Rb5 61. Ba1 Rb4 62. Nf5+ Kxg6 63. Ne7+ Kf7 64. Nd5 Rb1 65. Bxf6 Rd1 66. Ne3
Rd3 67. Bg5 a3 68. Kg4 a2 69. Nc2 Rd1 70. Be3 Ke6 71. Kf3 Rh1 72. Bd4 Rc1 73.
Na1 Kd5 74. Bg7 Re1 75. Kf2 Re7 76. Bh8 Kc4 77. Kf3 Kd3 78. Kf2 Rf7+ 79. Kg3 Rf1
80. Kg2 Rf5 81. Kg3 Rf8 82. Bb2 Ke3 83. Kg4 Rb8 84. Bf6 Kd3 85. Be5 Rb5 86. Bh8
Kd2 87. Kf3 Kc1 88. Ke2 Rd5 89. Bg7 Rd2+ 90. Ke3 Rg2 91. Bf6 Rg6 92. Bh8 Rd6 93.
Ke2 Kb1 94. Ke3 Rd8 95. Bg7 Rd7 96. Bh8 Rb7 97. Kd2 Rh7 98. Bf6 Rh2+ 99. Kd3
Rh3+ 100. Kd2 Rh2+ 101. Kd3 Rb2 102. Bxb2 Kxb2 103. Kd2 Kxa1 104. Kc1 1/2-1/2

[Event "European Rapid 2022"]
[Site "Katowice POL"]
[Date "2022.12.18"]
[Round "10.19"]
[White "Kuzmicz, Krystian"]
[Black "Kosakowski, Jakub"]
[Result "0-1"]
[WhiteTitle "IM"]
[BlackTitle "IM"]
[WhiteElo "2466"]
[BlackElo "2475"]
[WhiteFideId "1119125"]
[BlackFideId "1185080"]
[EventDate "2022.12.17"]

1. e4 c6 2. Nf3 d5 3. d3 g6 4. e5 f6 5. d4 Bg7 6. c4 fxe5 7. dxe5 Bg4 8. cxd5
Qxd5 9. Qxd5 cxd5 10. Nc3 Nc6 11. Nxd5 O-O-O 12. Ne3 Bxf3 13. gxf3 Nxe5 14. Ke2
Nf6 15. Bh3+ Kb8 16. Rd1 Nh5 17. Nd5 Rhf8 18. Bg5 Rxf3 19. Bg2 Rf7 20. Rac1 Nc6
21. Rc4 Rdf8 22. Be3 e6 23. Nb4 Na5 24. Rc5 Nf4+ 25. Kf1 Nxg2 26. Kxg2 b6 27.
Nc6+ Kc7 28. Rc2 Nxc6 29. Rdc1 Kb7 30. Rxc6 Bxb2 31. R1c2 e5 32. Rd6 Ba3 33. Re6
Re7 34. Rec6 Rff7 35. Kg3 Rc7 36. Rxc7+ Rxc7 37. Re2 Kc6 38. Kg4 Be7 39. Bh6 Kd5
40. f4 exf4 41. Bxf4 h5+ 42. Kf3 Rc3+ 43. Kg2 Bf6 44. Bb8 a5 45. Rd2+ Kc5 46. a4
Rb3 47. Rd7 h4 48. Rc7+ Kb4 49. Rc6 h3+ 50. Kf1 Rb1+ 51. Ke2 Bd4 52. Bd6+ Kb3
53. Kd3 Bg1 54. Bc7 Kxa4 55. Rxg6 Bc5 56. Rh6 Kb5 57. Kc2 Re1 58. Rxh3 a4 59.
Rh5 a3 60. Be5 a2 0-1

[Event "European Rapid 2022"]
[Site "Katowice POL"]
[Date "2022.12.18"]
[Round "10.20"]
[White "Jarmula, Lukasz"]
[Black "Alonso Rosell, Alvar"]
[Result "1/2-1/2"]
[WhiteTitle "GM"]
[BlackTitle "GM"]
[WhiteElo "2469"]
[BlackElo "2561"]
[WhiteFideId "1160664"]
[BlackFideId "2270544"]
[EventDate "2022.12.17"]

1. e4 e5 2. Nf3 Nc6 3. Bb5 a6 4. Ba4 d6 5. O-O Bd7 6. c3 g6 7. d4 Bg7 8. h3 Nf6
9. Re1 O-O 10. Bc2 Re8 11. a4 a5 12. dxe5 Nxe5 13. Nxe5 Rxe5 14. Nd2 Bc6 15. Nc4
Re8 16. e5 dxe5 17. Qxd8 Raxd8 18. Nxa5 Bd5 19. Bb3 Bxb3 20. Nxb3 Nd5 21. a5 h6
22. Bd2 f5 23. Rad1 Bf8 24. g3 c5 25. c4 Nc7 26. Bc3 e4 27. Bf6 Rxd1 28. Rxd1 e3
29. Re1 exf2+ 30. Kxf2 Rxe1 31. Kxe1 Bd6 32. Kf2 Kf7 33. Bc3 Ne6 34. Bd2 g5 35.
Nc1 Kf6 36. Nd3 h5 37. Bc3+ Ke7 38. Bd2 Kf6 39. Bc3+ Ke7 40. Bd2 g4 41. hxg4
hxg4 42. Be3 Kd7 43. Bd2 Kc6 44. Be3 Nd8 45. Bd2 Nf7 46. b4 cxb4 47. Bxb4 Bxb4
48. Nxb4+ Kc5 49. a6 bxa6 50. Nxa6+ Kxc4 51. Ke3 Kd5 52. Kf4 Ke6 53. Nc7+ Kf6
54. Nd5+ Ke6 55. Nc7+ Kf6 56. Nd5+ Ke6 1/2-1/2

[Event "European Rapid 2022"]
[Site "Katowice POL"]
[Date "2022.12.18"]
[Round "10.21"]
[White "Hunt, Harriet V"]
[Black "Huzman, Alexander"]
[Result "0-1"]
[WhiteTitle "IM"]
[BlackTitle "GM"]
[WhiteElo "2348"]
[BlackElo "2526"]
[WhiteFideId "403512"]
[BlackFideId "2803828"]
[EventDate "2022.12.17"]

1. e4 e6 2. d4 d5 3. Nd2 c5 4. Ngf3 cxd4 5. Nxd4 Nc6 6. Bb5 Bd7 7. Bxc6 bxc6 8.
O-O Ne7 9. c4 Qc7 10. cxd5 cxd5 11. Qe2 dxe4 12. Nxe4 Nd5 13. Bd2 Be7 14. Rac1
Qb6 15. Nb3 O-O 16. Rfd1 Ba4 17. Ba5 Qb7 18. Qf3 Bxb3 19. axb3 Qb5 20. Bc7 Nf6
21. Ng3 Rac8 22. h3 Bc5 23. Bf4 Bb6 24. Bd6 Rfe8 25. Ne2 h6 26. Bf4 Rxc1 27.
Rxc1 Qd5 28. Qxd5 Nxd5 29. Be5 Rd8 30. Rd1 f6 31. Bg3 Rc8 32. Rd2 Kf7 33. h4 g5
34. hxg5 hxg5 35. Bd6 Rc6 36. Bg3 a6 37. Nd4 Bxd4 38. Rxd4 Rb6 39. Rd3 Rb5 40.
Kf1 e5 41. f3 Ke6 42. Be1 f5 43. Bd2 f4 44. Ke2 Kf5 45. Bc3 e4 46. fxe4+ Kxe4
47. Rd4+ Kf5 48. Bd2 Ke5 49. Rd3 Ke4 50. Rh3 g4 51. Rd3 Rb7 52. b4 Nxb4 53. Rb3
a5 54. Ra3 Rb5 55. Rc3 Nd5 56. Rc4+ Ke5 57. Ra4 Nb4 58. Ra1 Kf5 59. Bc3 Ke4 60.
Rf1 Nd5 61. Bg7 Rb7 62. Bh8 Rh7 63. Bc3 Nxc3+ 64. bxc3 Rh2 65. Kf2 f3 66. Re1+
Kf4 0-1

[Event "European Rapid 2022"]
[Site "Katowice POL"]
[Date "2022.12.18"]
[Round "10.22"]
[White "Grinev, Valeriy"]
[Black "Keinanen, Toivo"]
[Result "0-1"]
[WhiteTitle "IM"]
[BlackTitle "IM"]
[WhiteElo "2425"]
[BlackElo "2508"]
[WhiteFideId "14117517"]
[BlackFideId "509825"]
[EventDate "2022.12.17"]

1. d4 d5 2. c4 e6 3. Nc3 Nf6 4. cxd5 exd5 5. Bg5 c6 6. e3 Bd6 7. Bd3 O-O 8. Qc2
h6 9. Bh4 Re8 10. Nge2 a5 11. h3 Na6 12. a3 Nc7 13. O-O Ne6 14. f3 Ng5 15. e4
Nfxe4 16. fxe4 Nxh3+ 17. gxh3 Qxh4 18. Rf2 Bxh3 19. e5 Rxe5 20. dxe5 Bc5 21. Ne4
Bxf2+ 22. Nxf2 Qg5+ 23. Ng4 Bxg4 24. Qc1 Qxe5 25. Qf4 Qxf4 26. Nxf4 g5 27. Ng2
Re8 28. Kf2 Re6 29. Rc1 Rf6+ 30. Ke3 Kg7 31. Rc5 b6 32. Rc2 Rf3+ 33. Kd4 c5+ 34.
Kxd5 Rxd3+ 35. Kc6 Rb3 36. Rd2 Bf3+ 0-1

[Event "European Rapid 2022"]
[Site "Katowice POL"]
[Date "2022.12.18"]
[Round "10.23"]
[White "Sebenik, Matej"]
[Black "Maltsevskaya, Aleksandra"]
[Result "0-1"]
[WhiteTitle "GM"]
[BlackTitle "IM"]
[WhiteElo "2538"]
[BlackElo "2400"]
[WhiteFideId "14602296"]
[BlackFideId "24174041"]
[EventDate "2022.12.17"]

1. Nf3 d5 2. g3 Nf6 3. Bg2 g6 4. d4 Bg7 5. O-O O-O 6. c4 c5 7. dxc5 dxc4 8. Na3
c3 9. Nb5 cxb2 10. Bxb2 Nc6 11. Nfd4 Bd7 12. Rc1 Qc8 13. Re1 Rd8 14. Qb3 a6 15.
Na3 Nxd4 16. Bxd4 Bc6 17. Be5 Bxg2 18. Kxg2 Qc6+ 19. f3 Rd5 20. Nc4 Rxc5 21. Na5
Qb5 22. Rxc5 Qxc5 23. Qxb7 Rf8 24. Nc6 Nd5 25. Bxg7 Kxg7 26. Qb2+ f6 27. Nd4
Ne3+ 28. Kh1 Qe5 29. Qb6 Rb8 30. Qa7 Rb2 31. Nc6 Rxe2 32. Rb1 Qf5 33. Qxe7+ Kh6
34. Qf8+ Kh5 35. g4+ Nxg4 36. fxg4+ Qxg4 37. Qc5+ f5 38. Qd5 Qf4 0-1

[Event "European Rapid 2022"]
[Site "Katowice POL"]
[Date "2022.12.18"]
[Round "10.24"]
[White "Dvirnyy, Danyyil"]
[Black "Seemann, Jakub"]
[Result "1-0"]
[WhiteTitle "GM"]
[BlackTitle "FM"]
[WhiteElo "2530"]
[BlackElo "2365"]
[WhiteFideId "817570"]
[BlackFideId "21874697"]
[EventDate "2022.12.17"]

1. e4 c6 2. d4 d5 3. Nc3 dxe4 4. Nxe4 Nf6 5. Nxf6+ exf6 6. Be3 Bd6 7. Bd3 O-O 8.
Ne2 Re8 9. O-O Na6 10. a3 Nc7 11. c4 Bg4 12. Qd2 Qd7 13. Nc3 Bf5 14. Rad1 Rad8
15. Rfe1 Bxd3 16. Qxd3 f5 17. f3 b5 18. cxb5 Nxb5 19. Bf2 Rxe1+ 20. Rxe1 Nc7 21.
g3 h5 22. Kg2 h4 23. gxh4 Ne6 24. Ne2 a5 25. Rd1 Bc7 26. Qc4 Rb8 27. Rd2 Rb5 28.
Rc2 Bb6 29. Nc3 Nf4+ 30. Kf1 Kh7 31. Nxb5 cxb5 32. Qc6 Qd8 33. Qxb5 g6 34. Qc4
Qe7 35. Bg3 Qb7 36. Bxf4 Qxf3+ 37. Rf2 Qh1+ 38. Ke2 Qe4+ 39. Be3 Qg4+ 40. Kd2
Kg7 41. Qd5 Bc7 42. Qf3 Qg1 43. Bf4 Bb6 44. Be5+ Kh7 45. Rf1 1-0

[Event "European Rapid 2022"]
[Site "Katowice POL"]
[Date "2022.12.18"]
[Round "10.25"]
[White "Abdrlauf, Elham"]
[Black "Molenda, Marcin"]
[Result "1-0"]
[WhiteTitle "IM"]
[BlackTitle "FM"]
[WhiteElo "2518"]
[BlackElo "2381"]
[WhiteFideId "1533533"]
[BlackFideId "1173065"]
[EventDate "2022.12.17"]

1. e4 c5 2. Nf3 e6 3. c3 Nf6 4. e5 Nd5 5. Bc4 Nc6 6. O-O d6 7. d4 cxd4 8. cxd4
Be7 9. Qe2 O-O 10. Nc3 dxe5 11. dxe5 Nxc3 12. bxc3 Qa5 13. Bd3 Qxc3 14. Bd2 Qa3
15. Qe4 g6 16. Rfd1 Bd7 17. Rab1 Rad8 18. Bh6 Rfe8 19. Qf4 Bf8 20. Rxb7 Bxh6 21.
Qxh6 Qf8 22. Qf4 Bc8 23. Rbb1 Re7 24. Be4 Nb4 25. Rxd8 Qxd8 26. h4 Nxa2 27. Qe3
Rc7 28. h5 Nc3 29. Rb8 Kg7 30. h6+ Kg8 31. Qg5 Qf8 32. Nd2 a5 33. Ra8 a4 34. Bd3
a3 35. Nc4 a2 36. Nd6 Rd7 37. Nxc8 f6 38. exf6 Rd8 39. Bc4 Rxc8 40. Bxe6+ Kh8
41. Rxc8 a1=Q+ 42. Kh2 Qxc8 43. Qe5 Ne4 44. Qxa1 Qc7+ 45. g3 1-0

[Event "European Rapid 2022"]
[Site "Katowice POL"]
[Date "2022.12.18"]
[Round "10.26"]
[White "Licznerski, Lukasz"]
[Black "Zawadzka, Jolanta"]
[Result "1/2-1/2"]
[WhiteTitle "IM"]
[BlackTitle "WGM"]
[WhiteElo "2441"]
[BlackElo "2386"]
[WhiteFideId "1179250"]
[BlackFideId "1122320"]
[EventDate "2022.12.17"]

1. e4 c5 2. Nf3 Nc6 3. d4 cxd4 4. Nxd4 e6 5. Nc3 Qc7 6. Be2 Nf6 7. Be3 Be7 8.
O-O O-O 9. f4 d6 10. Qe1 Nxd4 11. Bxd4 e5 12. fxe5 dxe5 13. Qg3 Bc5 14. Bxc5
Qxc5+ 15. Kh1 Kh8 16. Bd3 Be6 17. Qh4 Qe7 18. Qg5 Bd7 19. Ne2 Rad8 20. Qe3 b6
21. Ng3 Ng4 22. Qf3 Qh4 23. h3 Nh6 24. Kg1 Bc6 25. Qe3 Rd6 26. Rf3 Qe7 27. a4
Rd7 28. a5 Qb4 29. axb6 axb6 30. b3 Bb7 31. Nh5 f5 32. Ra4 Qd6 33. Ng3 f4 34.
Qf2 Rdd8 35. Ne2 Nf7 36. Ra7 Qc6 37. Qh4 Nd6 38. c4 Nxe4 39. Bxe4 Qxe4 40. Qe7
Qxe2 41. Rxb7 Rg8 42. Rf1 Rd2 43. Qg5 h6 44. Qg6 e4 45. Re7 e3 46. Rxf4 Qd1+ 47.
Kh2 Rd6 48. Qg3 e2 49. Rf8 Qd4 50. Rxg8+ Kxg8 51. Rxe2 Kh7 52. Qe5 Qd3 53. Re3
Qg6 54. Rg3 Qf6 55. Qxf6 Rxf6 56. Rc3 Kg6 57. b4 Rc6 58. c5 bxc5 59. bxc5 Kf5
60. Kg3 Ke4 61. Kh4 Kd4 62. Rc1 Ke3 63. Kh5 Kd2 64. Rc4 Kd3 65. Rg4 Rxc5+ 66.
Kg6 Ke3 67. h4 Rc7 68. h5 Kf2 69. Kh7 Rc5 70. Kg6 Rc7 71. Kh7 Rc5 72. Kg6 Rc7
73. Kh7 Rc5 74. Rxg7 Rxh5 75. g4 Rh4 76. Rg6 1/2-1/2

[Event "European Rapid 2022"]
[Site "Katowice POL"]
[Date "2022.12.18"]
[Round "10.27"]
[White "Petrovskyi, Vadym"]
[Black "Seo, Jung Min"]
[Result "1/2-1/2"]
[WhiteTitle "FM"]
[BlackTitle "IM"]
[WhiteElo "2402"]
[BlackElo "2502"]
[WhiteFideId "14165210"]
[BlackFideId "1734687"]
[EventDate "2022.12.17"]

1. e4 c5 2. Nf3 Nc6 3. Bb5 e5 4. Bxc6 dxc6 5. d3 Bd6 6. h3 Ne7 7. O-O O-O 8. Nc3
Ng6 9. Be3 Re8 10. a4 Nf8 11. Ne2 Ne6 12. Nd2 b6 13. b3 Qf6 14. Qc1 Bc7 15. Nc4
Nf4 16. Bxf4 exf4 17. f3 Be6 18. e5 Bxe5 19. Nxe5 Qxe5 20. Nxf4 Bf5 21. Rf2 Re7
22. Rb1 Rae8 23. Qd2 Qd4 24. Kf1 Re3 25. Ne2 Qd6 26. Rd1 h5 27. Ng1 Qd7 28. Re2
Rxe2 29. Nxe2 b5 30. Ng3 bxa4 31. Nxf5 Qxf5 32. bxa4 Rd8 33. Qa5 Rd7 34. Re1 Kh7
35. Re4 Qg5 36. Qc3 Rd5 37. Qe1 a6 38. Re8 Rd4 39. Re5 Qg6 40. Rxc5 Rxa4 41. Ra5
Rxa5 42. Qxa5 Qh6 43. Qf5+ Kg8 44. Qc8+ Kh7 1/2-1/2

[Event "European Rapid 2022"]
[Site "Katowice POL"]
[Date "2022.12.18"]
[Round "10.28"]
[White "Beliavsky, Alexander G"]
[Black "Bartel, Michal"]
[Result "0-1"]
[WhiteTitle "GM"]
[BlackTitle "FM"]
[WhiteElo "2499"]
[BlackElo "2250"]
[WhiteFideId "14602377"]
[BlackFideId "1119257"]
[EventDate "2022.12.17"]

1. Nf3 d5 2. d4 a6 3. g3 Nf6 4. Bg2 e6 5. O-O c5 6. b3 Nc6 7. Bb2 Be7 8. Nbd2
O-O 9. c4 cxd4 10. Nxd4 Bd7 11. cxd5 Nxd5 12. Nc4 Rc8 13. Nf5 exf5 14. Bxd5 b5
15. Ne3 Bc5 16. Ng2 Qe7 17. Nf4 Rfd8 18. Qb1 Nb4 19. e3 Bxe3 20. a3 Bxf4 21.
axb4 Bb8 22. Rxa6 Qxb4 23. Qa1 Qg4 24. Kg2 f4 25. Kh1 fxg3 26. fxg3 Bf5 27. Bf3
Be4 0-1

[Event "European Rapid 2022"]
[Site "Katowice POL"]
[Date "2022.12.18"]
[Round "10.29"]
[White "Donchenko, Alexander"]
[Black "Karolczuk, Iwo"]
[Result "1-0"]
[WhiteTitle "GM"]
[BlackTitle "FM"]
[WhiteElo "2636"]
[BlackElo "2327"]
[WhiteFideId "24603295"]
[BlackFideId "21816972"]
[EventDate "2022.12.17"]

1. e4 c5 2. Nc3 d6 3. d4 cxd4 4. Qxd4 Nc6 5. Qd2 g6 6. b3 Bh6 7. f4 Nf6 8. Bb2
O-O 9. O-O-O e5 10. g3 Re8 11. Nge2 Bg4 12. Bg2 Nd4 13. Nxd4 exd4 14. Qxd4 Bg7
15. e5 dxe5 16. Qxd8 Raxd8 17. Rxd8 Rxd8 18. fxe5 Nd7 19. Bxb7 Nxe5 20. a4 Rb8
21. Bg2 Rc8 22. Nd5 Kh8 23. Kb1 Bf5 24. Ne3 Be6 25. Rd1 h5 26. c4 Rb8 27. Ka2
Kg8 28. Bd4 a6 29. Nd5 Bg4 30. Rf1 Nc6 31. Nf6+ Bxf6 32. Bxf6 Nb4+ 33. Kb2 Nd3+
34. Ka3 Be2 35. Rg1 Nc5 36. b4 Nd7 37. Bd4 Bxc4 38. Rc1 Be2 39. Bd5 Nf8 40. Bf6
Nd7 41. Ba1 Nf8 42. Re1 Bg4 43. Bc4 Rb6 44. Re8 Rc6 45. Bb3 Bd7 46. Ra8 Be6 47.
Bd4 Bc8 48. Bd5 Rd6 49. Rxc8 1-0

[Event "European Rapid 2022"]
[Site "Katowice POL"]
[Date "2022.12.18"]
[Round "10.30"]
[White "Sargsyan, Shant"]
[Black "Dobrovoljc, Vid"]
[Result "1-0"]
[WhiteTitle "GM"]
[BlackTitle "FM"]
[WhiteElo "2645"]
[BlackElo "2384"]
[WhiteFideId "13306766"]
[BlackFideId "14609843"]
[EventDate "2022.12.17"]

1. d4 Nf6 2. c4 e6 3. Nf3 d5 4. Nc3 dxc4 5. e4 b5 6. e5 Nd5 7. Nxb5 Nb6 8. Be2
Nc6 9. O-O Be7 10. Be3 O-O 11. Nc3 Bb7 12. Na4 Na5 13. Nc5 Bd5 14. Qc2 f5 15.
exf6 Bxf6 16. Rfd1 Nc6 17. Ne4 h6 18. Rac1 Nb4 19. Qb1 Be7 20. Ned2 Nd3 21. Bxd3
cxd3 22. Qxd3 Bd6 23. Ne5 a5 24. Qg6 Rf6 25. Qg4 Qe8 26. f3 Bxa2 27. Ne4 Bxe5
28. dxe5 Rg6 29. Qh4 Nd5 30. Qf2 a4 31. h4 h5 32. Bg5 Bb3 33. Rd2 Qb5 34. Qc5
Qa6 35. Qd4 Rb8 36. Nc5 Qb6 37. Kh2 Qb4 38. Na6 Qxd4 39. Rxd4 Rb5 40. f4 Ba2 41.
Rc2 Bb1 42. Rcd2 Ra5 43. Nb4 Nxb4 44. Rxb4 Ra8 45. Rc4 Ba2 46. Rxc7 Bd5 47. f5 1-0

[Event "European Rapid 2022"]
[Site "Katowice POL"]
[Date "2022.12.18"]
[Round "10.31"]
[White "Kosteniuk, Alexandra"]
[Black "Plaskan, Jure"]
[Result "1-0"]
[WhiteTitle "GM"]
[WhiteElo "2520"]
[BlackElo "2241"]
[WhiteFideId "4128125"]
[BlackFideId "14605252"]
[EventDate "2022.12.17"]

1. e4 c5 2. c3 Nf6 3. e5 Nd5 4. Nf3 Nc6 5. Bc4 Nb6 6. Bb3 c4 7. Bc2 d6 8. exd6
Qxd6 9. O-O Bg4 10. b3 cxb3 11. axb3 Qd5 12. Re1 Bxf3 13. gxf3 e6 14. d4 Bd6 15.
f4 Be7 16. Nd2 g5 17. f5 exf5 18. Nc4 O-O 19. Ne3 Qd6 20. Nxf5 Qf6 21. Qh5 Rfe8
22. Rxe7 Nxe7 23. Bxg5 Qg6 24. Nxe7+ Rxe7 25. Bxg6 fxg6 1-0

[Event "European Rapid 2022"]
[Site "Katowice POL"]
[Date "2022.12.18"]
[Round "10.32"]
[White "Paehtz, Thomas"]
[Black "Piorun, Kacper"]
[Result "0-1"]
[WhiteTitle "GM"]
[BlackTitle "GM"]
[WhiteElo "2339"]
[BlackElo "2611"]
[WhiteFideId "4611349"]
[BlackFideId "1130420"]
[EventDate "2022.12.17"]

1. e4 c5 2. Nf3 d6 3. Bb5+ Bd7 4. Bxd7+ Qxd7 5. c4 e5 6. Nc3 Nc6 7. d3 g6 8. Nd5
Bg7 9. a3 Nge7 10. Bh6 O-O 11. Qd2 f5 12. Bxg7 Kxg7 13. h4 fxe4 14. dxe4 Rxf3
15. gxf3 Nd4 16. Qd3 Nxd5 17. cxd5 Rf8 18. f4 Rxf4 19. Kf1 Rf3 20. Qd2 Rh3 0-1